| 000 | 01185nam a2200421 a 4500 | ||
|---|---|---|---|
| 999 |
_c10418 _d10418 |
||
| 001 | 10418 | ||
| 003 | BD-JhCC | ||
| 005 | 20180425183752.0 | ||
| 008 | 180425s2012 ii a g b 001 0 eng d | ||
| 020 | _a9788131718070 | ||
| 020 | _a8131718077 | ||
| 035 | _a(BD-JhCC)10418 | ||
| 040 |
_aBD-JhCC _erda _cPKFCC _dBD-JhCC _dOCLCF _dOCLCQ _dUkOxU |
||
| 041 | _aeng | ||
| 050 | 0 | 0 |
_aQC355.3 _b.H43 2002 |
| 082 |
_a535 _bHEC 2013 |
||
| 100 | 1 | _aHecht, Eugene. | |
| 245 | 1 | 0 |
_aOptics / _cby Eugene Hecht and A.R. Ganesan. |
| 250 | _a4th ed. | ||
| 300 |
_avi, 650 pages : _billustrations ; _c24 cm. |
||
| 504 | _aIncludes bibliographical references (pages 685-688) and index. | ||
| 650 | 0 | _aPhysics. | |
| 650 | 0 | _aOptics. | |
| 650 | 0 | _aQuantum optics. | |
| 650 | 0 | _aLight. | |
| 650 | 0 | _aPhysical optics. | |
| 650 | 0 |
_aOptics _xIndustrial applications. |
|
| 650 | 0 | _aRadiation. | |
| 650 | 7 | _aLight. | |
| 650 | 7 | _aOptics. | |
| 650 | 7 |
_aOptics _xIndustrial applications. |
|
| 650 | 7 | _aPhysical optics. | |
| 650 | 7 | _aPhysics. | |
| 650 | 7 | _aQuantum optics. | |
| 650 | 7 | _aRadiation. | |
| 942 |
_2ddc _cBK |
||